| 000 | 00426pab a2200157 454500 | ||
|---|---|---|---|
| 008 | 180718b1982 xxu||||| |||| 00| 0 eng d | ||
| 100 | _aVenkatasubramanian, A.K. | ||
| 245 | _aAppropriate administrative ideology for democracy and development | ||
| 260 | _c1982 | ||
| 300 | _ap.322-333. | ||
| 362 | _aApr-Jun | ||
| 650 | _aBureaucracy | ||
| 773 | _aIndian Journal of Public Administration | ||
| 908 | _aN | ||
| 909 | _a88617 | ||
| 999 |
_c88617 _d88617 |
||